01604nam a22002894c 4500003000900000008004100009020001800050040003100068041001900099080001400118100002700132245001600159250002200175264004300197300004100240336002700281337003300308338002800341490002500369520072600394521002501120650002701145650001501172942001401187999001301201952010001214AR-BaSMT260512b2021 aga|||br|||| 00| 1 spa d a9789500761659 aBSGBbespañolcBSGBerda0 aspahespañol a82-34 BER1 aBernasconi, Pablo 99613aEl infinito aTercera edición 1aBuenos aires : bSudamericana , c2021 a64 páginas ; bilustraciones color 2rdacontentatextobtxt 2rdamediaasin mediaciónbn 2rdacarrieravolumenbnc aPrimera sudamericana 1a¿Qué es el infinito? ¿Queda lejos o está más cerca de lo que pensamos? Pablo Bernasconi conjuga sus ilustraciones maravillosas con un texto poético que intenta poner palabras a eso que ni los niños ni los grandes pueden realmente abarcar: el infinito. Un libro álbum para leer y atesorar, de una sensibilidad y un refinamiento inolvidables. Del autor de Rebelión en el Tortoni; El sueño del pequeño Capitán Arsenio; El brujo, el horrible y el libro rojo de los hechizos; El diario del Capitán Arsenio; La verdadera explicación; Excesos y exageraciones; y Mentiras y moretones, entre otros.uhttps://www.penguinlibros.com/ar/a-partir-de-9-anos/146242-libro-el-infinito-9789500761659 12/05/2026 aA partir de 8 años 798aLITERATURA INFANTIL 7923aCUENTO 2ddcaBOOK c684d684 00102ddc40aBSGBbBSGBcVerdeedonación editoriali000645l0o82-34 BERp000645t1yBOOKf